000 00545nam a22002057a 4500
003 OSt
005 20140310181805.0
008 130704t xxu||||| |||| 00| 0 eng d
020 _a0062720376
050 _aPE 1591
_b.R732 1992
082 _aREF 423.1
_bR63 1992
245 _aRoget's International thesaurus
_cChapman, Robert, ed.
250 _a5th ed.
260 _aNew York
_bHarperCollins
_cc1992.
300 _a1299 p.,
_c24 cm.
521 _aBasic Ed. Students
541 _j1
562 _e1
942 _2lcc
_cBK-GR
_kREF
999 _c3773
_d3773